[Event "DSOL 07 Liga Gr-B 1st"]
[Site "Playchess.com INT"]
[Date "2020.07.23"]
[Round "5.1"]
[White "Rodermann, Alexander"]
[Black "Gruhn, Andreas"]
[Result "0-1"]
[WhiteElo "1574"]
[BlackElo "1523"]
[PlyCount "110"]
[EventDate "2020.06.22"]
[EventType "team-tourn (rapid)"]
[EventCountry "GER"]
[SourceTitle "EXT 2021"]
[Source "ChessBase"]
[SourceDate "2020.10.23"]
[SourceVersion "1"]
[SourceVersionDate "2020.10.23"]
[SourceQuality "1"]
[WhiteTeam "Loehne SG"]
[BlackTeam "Heuchelheim"]
[WhiteTeamCountry "GER"]
[BlackTeamCountry "GER"]

1. e4 c5 2. Nf3 Nc6 3. c3 d5 4. exd5 Qxd5 5. d4 Bg4 6. Be2 Nf6 7. dxc5 Qxd1+ 8. Bxd1 e5 9. Be3 Nd5 10. Bg5 f6 11. Bh4 Bxc5 12. 0-0 Nf4 13. Nbd2 Ng6 14. Bg3 0-0 15. b4 Bb6 16. Bb3+ Kh8 17. Nc4 Bc7 18. Nfd2 Rad8 19. Ne4 Be2 20. Rfe1 Bxc4 21. Bxc4 f5 22. Nc5 f4 23. Ne6 fxg3 24. hxg3 Bb6 25. Nxf8 Rxf8 26. Re2 Nce7 27. Rd1 Rc8 28. Re4 Ng8 29. Bxg8 Kxg8 30. c4 Bd4 31. c5 b6 32. cxb6 axb6 33. Rd2 Rc4 34. a3 Bxf2+ 35. Kxf2 Rxe4 36. Rd8+ Kf7 37. Rb8 Rc4 38. Rxb6 Rc2+ 39. Kf1 Ne7 40. a4 Ra2 41. a5 Nd5 42. Rb7+ Kf6 43. Rb5 Ne3+ 44. Ke1 Nxg2+ 45. Kd1 Ne3+ 46. Kc1 e4 47. Kb1 Ra3 48. Kb2 Nc4+ 49. Kc2 e3 50. Kd1 Ra1+ 51. Ke2 Ra2+ 52. Ke1 e2 53. Rc5 Ne3 54. Rc1 Ng2+ 55. Kf2 e1Q+ 0-1

[Event "GER-ch Net Amateur Gr-B Vor1"]
[Site "Playchess.com INT"]
[Date "2020.04.14"]
[Round "1"]
[White "Gruhn, Andreas"]
[Black "Ivashkov, Nikita"]
[Result "1/2-1/2"]
[WhiteElo "1343"]
[BlackElo "1620"]
[PlyCount "29"]
[EventDate "2020.04.14"]
[EventType "swiss (blitz)"]
[EventRounds "9"]
[EventCountry "GER"]
[SourceTitle "EXT 2021"]
[Source "ChessBase"]
[SourceDate "2020.10.23"]
[SourceVersion "1"]
[SourceVersionDate "2020.10.23"]
[SourceQuality "1"]

1. e4 c5 2. Nf3 Nc6 3. d4 cxd4 4. Nxd4 g6 5. c3 Bg7 6. Be3 d6 7. f3 Nf6 8. Bb5 Bd7 9. Bxc6 Bxc6 10. Nxc6 bxc6 11. 0-0 0-0 12. Nd2 Rb8 13. b3 Nd7 14. c4 Bxa1 15. Qxa1 1/2-1/2